Ίμερος και κλινοπάλη : το πάθος της ζηλοτυπίας

Αποθηκεύτηκε σε:
Λεπτομέρειες βιβλιογραφικής εγγραφής
Κύριος συγγραφέας: Παπαγιώργης, Κωστής, 1947-2014
Μορφή: Βιβλίο
Γλώσσα:Greek
Δημοσίευση: Αθήνα : Καστανιώτης, 1992
Έκδοση:3η έκδ.
Θέματα:
Ετικέτες: Προσθήκη ετικέτας
Δεν υπάρχουν, Καταχωρήστε ετικέτα πρώτοι!

MARC

LEADER 00000cam a2200000 i 4500
001 1/10962
008 101124s1992 gre d
020 |a 960-03-0961-2 
035 |l 10109231 
040 |a GR-MY-UA  |b gre  |e aacr 
041 0 |a gre 
082 0 |a 808.80353  |2 (22) 
100 1 |a Παπαγιώργης, Κωστής,   |d 1947-2014. 
245 1 0 |a Ίμερος και κλινοπάλη :  |b το πάθος της ζηλοτυπίας /  |c Κωστής Παπαγιώργης 
250 |a 3η έκδ. 
260 |a Αθήνα :   |b Καστανιώτης,   |c 1992 
300 |a 139 σ.;  |c 22 εκ. 
650 0 0 |a Jealousy in literature. 
852 |a INST  |b SAMOS  |e 20101124  |h 808.80353 ΠΑΠ  |p 005300033168  |q 005300033168  |t BK  |y 0 
901 |a BIBL3-2010-3 
909 |a Σ  |b 166161 
970 |a ΓΟΥΒΑΛΑ  |b ΒΑΣΩ  |z 2010/11/23